MARC

LEADER 00000nam0a2200000 4500
001 266206
005 20231101234001.0
035 |a (RuTPU)RU\TPU\book\289210 
090 |a 266206 
100 |a 20140703d1968 km y0rusy50 ca 
101 0 |a rus 
102 |a RU 
105 |a a z 000zy 
200 1 |a Пойманное солнце  |f Н. Г. Кашников 
210 |a Москва  |c Московский рабочий  |d 1968 
215 |a 63 с.  |c ил. 
606 1 |a Плазма полупроводников  |2 stltpush  |3 (RuTPU)RU\TPU\subj\48938  |9 67754 
606 1 |a Плазма газоразрядная  |2 stltpush  |3 (RuTPU)RU\TPU\subj\48929  |9 67746 
610 1 |a ионные приборы 
610 1 |a физические явления 
610 1 |a свойства 
610 1 |a газоразрядные приборы 
675 |a 537.311.322:533.9  |v 3 
675 |a 533.9  |v 3 
700 1 |a Кашников  |b Н. Г.  |g Николай Георгиевич 
801 1 |a RU  |b 63413507  |c 20140703 
801 2 |a RU  |b 63413507  |c 20210426  |g RCR 
942 |c BK